01026cam a2200181 450000500170000000800410001702000180005805000220007624500260009824601130012425000120023726000480024930000200029750004180031765000360073565000420077165000310081320250319132808.0110606s2008 mx 000 0 spa u a978970811205504aKGF404 bA34 200800aAgenda civil federal 34aAgenda civil federal 2008b : compendio de leyes, reglamentos y otras disposciones conexas sobre la materia. a10a ed. aMéxico: bEdiciones Fiscales ISEF, c2008 ap. v. ;c18 cm. aEn la portada: "Esta edición contiene las disposiciones publicadas hasta la fecha de impresión de este producto" "Nota: con el objeto de facilitar el manejo de esta obra hemos diferenciado con negritas las últimas reformas publicadas en el D.O.F. y/o en la gaceta oficial, así como su referencia: (R) Reformado (A) Adicinado". "Los títulos que encabezan los artículos no forman parte del texto legal"  72lembaDerecho civil zMéxico  72lembaProcedimiento civil zMéxico  72lembaDerechos del niño